| 000 | 00547nam a2200193Ia 4500 | ||
|---|---|---|---|
| 005 | 20211112114929.0 | ||
| 008 | 131103s9999 xx 000 0 und d | ||
| 020 |
_a8187879904 _cRs.200.00 |
||
| 040 | _aLoreto College | ||
| 041 | _aEnglish | ||
| 082 |
_a320.5 _bMAR-LOR |
||
| 100 | _aLorimer,Doug | ||
| 245 |
_aFundamentals of historical materialism _b The Marxist view of history and politics _cDoug Lorimer |
||
| 260 |
_aDelhi _bAakar Books _c2006 |
||
| 300 | _a214p. | ||
| 650 | _aHistorical materialism | ||
| 850 | _aLCLIB | ||
| 942 | _cBK | ||
| 999 |
_c37990 _d88469 |
||